|
|
|
|
| LEADER |
00000cam a2200000 i 4500 |
| 001 |
1/25557 |
| 008 |
060303s2004 gre d |
| 020 |
|
|
|a 960-86125-4-3
|
| 035 |
|
|
|l 10082942
|
| 040 |
|
|
|a GR-MY-UA
|b gre
|e aacr
|
| 041 |
0 |
|
|a gre
|
| 082 |
0 |
|
|a 796.3309495
|2 (22)
|
| 100 |
1 |
|
|a Μίσσιος, Κώστας Γ.,
|d 1938-
|
| 245 |
1 |
0 |
|a -Μια ενδεκάδα- αποδεκατισμένη- /
|c Κώστας Γ. Μισσιος
|
| 250 |
|
|
|a 1η έκδ.
|
| 260 |
|
|
|a Μυτιλήνη :
|b [χ.ε.],
|c 2004
|
| 300 |
|
|
|a 198 σ.;
|b εικ., φωτ.;
|c 22 εκ.
|
| 650 |
0 |
0 |
|a Football
|z Greece.
|
| 650 |
0 |
0 |
|a Football players
|z Greece
|x Biography.
|
| 852 |
|
|
|a INST
|b LESVOS
|e 20060303
|h 796.3309495 ΜΙΣ
|p 005100034671
|q 005100034671
|t BK
|y 0
|
| 901 |
|
|
|a BIBL1-2006-3
|
| 909 |
|
|
|a Λ
|b 126038
|
| 970 |
|
|
|a ΚΑΡΑ
|b ΓΙΑΣΕΜΗ
|z 2006/03/03
|